=LDR 00000nam 2200000 4500 =001 INLIS000000000050040 =005 20200219050836 =035 ##$$a 0010-041700000000230 =008 200219################g##########0#ind## =020 ##$$a 978-979-97853-6-7 =040 ##$$a NBPDMAT =082 ##$$a 133 =090 ##$$a 133 $b Suy d =100 ##$$a Suyono, R.P. =245 1#$$a Dunia mistik orang Jawa : $b Roh, ritual, benda magis /$c Capt. R.P. Suyono; Editor, Ramelan =250 ##$$a Cet. 3 =260 ##$$a Yoyakarta :$b LKiS,$c 2009 =300 ##$$a vii, 280 hlm. ; $c 21 x 14 cm. =650 #4$$a Mistik =850 ##$$a NBPDMAT =084 ##$$a 133 SUY d =700 #$$a Ramelan =990 ##$$a 31700701 =990 ##$$a 31700702